000 00288nam a22001217a 4500
008 180209b xxu||||| |||| 00| 0 eng d
041 _aeng
080 _a51
100 _a37
101 _aMAT
245 _a AGUIDE CURRICULUM PLANNING IN MATHEMATICS
_cHERBERT.J.G
942 _2udc
_cBK
999 _c42237
_d42237